Радиоактивные элементы в углях Кузбасса и оценка их влияния на окружающую среду; Проблемы геологии и освоения недр

Dades bibliogràfiques
Parent link:Проблемы геологии и освоения недр.— 2002.— С. 424-425
Autor principal: Берчук В. Ю. Вадим Юрьевич
Altres autors: Бундюк В. С. (научный руководитель), Арбузов С. И. Сергей Иванович
Idioma:rus
Publicat: 2002
Matèries:
Format: MixedMaterials Capítol de llibre
KOHA link:https://koha.lib.tpu.ru/cgi-bin/koha/opac-detail.pl?biblionumber=55383

MARC

LEADER 00000naa2a2200000 4500
001 55383
005 20231031051120.0
035 |a (RuTPU)RU\TPU\book\58130 
035 |a RU\TPU\book\58093 
090 |a 55383 
100 |a 20030915d2002 k y0rusy50 ca 
101 0 |a rus 
102 |a RU 
200 1 |a Радиоактивные элементы в углях Кузбасса и оценка их влияния на окружающую среду  |f В. Ю. Берчук, В. С. Бундюк  |g науч. рук. С. И. Арбузов 
463 1 |0 (RuTPU)RU\TPU\book\52464  |y 5-89503-150-1  |t Проблемы геологии и освоения недр  |o труды Шестого международного научного симпозиума им. академика М. А. Усова студентов, аспирантов и молодых ученых, посвященного 100-летию со дня рождения заслуженного деятеля науки РСФСР Л. Л. Халфина и 30-летию проведения молодежных научных конференций им. академика М. А. Усова, Томск, 1-5 апреля 2002 г.  |f Российское геологическое общество; Томский политехнический университет  |v С. 424-425  |d 2002  |p 600 с. 
610 1 |a труды учёных ТПУ 
675 |a 55(063)  |v 3 
700 1 |a Берчук  |b В. Ю.  |c специалист в области экологии и безопасности жизнедеятельности  |c ассистент кафедры Томского политехнического университета  |f 1981-  |g Вадим Юрьевич  |2 stltpush  |3 (RuTPU)RU\TPU\pers\29348 
701 1 |a Бундюк  |b В. С. 
702 1 |a Арбузов  |b С. И.  |c российский геолог и геохимик  |c профессор Томского политехнического университета, доктор геолого-минералогических наук  |f 1959-  |g Сергей Иванович  |2 stltpush  |4 727 
801 1 |a RU  |b 63413507  |c 20030826  |g PSBO 
801 2 |a RU  |b 63413507  |c 20120713  |g PSBO 
942 |c BK